| 000 | 00562nam a2200145Ia 4500 | ||
|---|---|---|---|
| 999 |
_c11432 _d11432 |
||
| 082 | _aTP.0020 | ||
| 100 | _aPrabhudas, O. | ||
| 245 | 0 | _aChanging economic conditions of landless agricultural labour under varying agro economic regions : A case study of West Godavari district, Andhra Pradesh | |
| 260 |
_c1988 _bAndhra University |
||
| 300 | _a217p. + C D - 46 | ||
| 650 | _aAGRICULTURAL LABOURERS - ANDHRA PRADESH - WEST GODAVARI DISTRICT | ||
| 650 | _aLANDLESS LABOURERS - ANDHRA PRADESH - WEST GODAVARI DISTRICT | ||
| 710 | _aAbraham, V. | ||
| 942 |
_cTH _2ddc |
||